Lana Del Rey- Ultraviolence (All Lyrics) - Statistics

General Stats
  • This quiz has been taken 1,317 times
    1,315 since last reset
  • The average score is 219 of 283
Answer Stats
Lyrics % Correct
I
99%
He
98%
he
98%
me
98%
a
97%
ultraviolence
97%
Ultraviolence
97%
it
96%
to
96%
and
95%
like
95%
Like
95%
kiss
94%
felt
93%
hit
92%
That
91%
that
91%
was
90%
the
89%
for
88%
call
87%
used
87%
with
87%
With
87%
can
86%
love
86%
we
86%
We
86%
Yo
86%
poison
85%
Cause
83%
hear
83%
Jim
82%
back
81%
his
81%
of
81%
But
80%
but
80%
Cause
80%
you
80%
deadly
79%
sirens
79%
DN
78%
Where
78%
beauty
77%
could
77%
stood
76%
filled
75%
Loving
75%
all
74%
go
74%
told
74%
when
74%
blessed
73%
Blessed
73%
were
73%
nightshade
72%
right
72%
true
72%
Give
71%
kids
71%
never
71%
rage
71%
him
70%
ivy
70%
who
70%
enough
69%
beside
68%
New
68%
York
67%
died
66%
la
66%
raised
65%
violins
65%
brought
64%
do
64%
up
64%
hard
62%
Reminded
61%
time
61%
are
60%
first
60%
really
60%
last
59%
could've
58%
your
58%
is
57%
my
57%
taught
57%
hurt
56%
know
56%
don't
55%
forever
53%
I'm
53%
you're
52%
leader
50%
soy
50%
they
50%
jazz
49%
singer
49%
white
49%
cult
48%
Heaven
47%
lines
46%
on
46%
Woodstock
45%
princesa
43%
then
43%
anything
42%
comprende
41%
this
39%
earth
36%
mis
35%
lemonade
33%
union
32%
baby
30%
tears
28%
Crying
25%
gold
25%
will
25%
(In
22%
down
21%
tonight)
16%
(Lay
15%
curls)
8%
linen
8%
Girls)
6%
(Riviera
6%
No matching quizzes found
Score Distribution
Percent of People with Each Score
Percentile by Number Answered
Your Score History
You have not taken this quiz since the last reset